000 00864nam a2200289Ia 4500
003 OSt
005 20221006140827.0
006 a|||||r|||| 00| 0
007 ta
008 221006b |||||||| |||| 00| 0 eng d
020 _a8187374063
_c599.00 (each)
020 _a9788187374060
024 _a730
037 _b45767, 15/02/2001, Nill
_cTextual
040 _aEASL
_cEASL
_beng
041 _2eng
_aeng
082 _aV41:191.N9, P1;1
100 _aBHATTACHARJEA Mira Sinha
_9140415
245 0 _aChina
_b The world and India
260 _aNew Delhi
_bSamskriti India
_c2001
300 _a480p.
_ccm.
490 _v CEL
650 _a CEL
650 _aChina - Foreign relations - India - World
_9643542
942 _hV41:191.N9, P1;1
_cTEXL
_2CC
999 _c1068816
_d1068816